Leviatán (Record no. 91378)

MARC details
000 -LEADER
campo de control de longitud fija 00681nam a2200229 i 4500
001 - NÚMERO DE CONTROL
campo de control 91378
003 - IDENTIFICADOR DE NÚMERO DE CONTROL
campo de control ES-MaACL
005 - FECHA Y HORA DE LA ÚLTIMA TRANSACCIÓN
campo de control 20240228183009.0
007 - CAMPO FIJO DE DESCRIPCIÓN FÍSICA--INFORMACIÓN GENERAL
campo de control de longitud fija t|
008 - DATOS DE LONGITUD FIJA--INFORMACIÓN GENERAL
campo de control de longitud fija 050128s1976 sp ||||1| spa d
020 ## - NÚMERO INTERNACIONAL ESTÁNDAR DEL LIBRO
Número Internacional Estándar del Libro 84-85137-34-5
080 ## - NÚMERO DE LA CLASIFICACIÓN DECIMAL UNIVERSAL
Número de la Clasificación Decimal Universal 330.85(05)Leviatán(464.1 M.)
245 00 - MENCIÓN DEL TÍTULO
Título Leviatán
Resto del título : antología /
Mención de responsabilidad, etc. selección y prólogo, Paul Preston.
260 ## - PUBLICACIÓN, DISTRIBUCIÓN, ETC.
Lugar de publicación, distribución, etc. Madrid :
Nombre del editor, distribuidor, etc. Turner,
Fecha de publicación, distribución, etc. [1976]
300 ## - DESCRIPCIÓN FÍSICA
Extensión XXIX, 349 p. ;
Dimensiones 21 cm.
500 ## - NOTA GENERAL
Nota general Biblioteca Juan Andrade.
630 07 - PUNTO DE ACCESO ADICIONAL DE MATERIA--TÍTULO UNIFORME
Título uniforme Leviatán (Madrid)
9 (RLIN) 122559
700 0# - ENTRADA AGREGADA--NOMBRE PERSONAL
Nombre de persona Preston, Paul,
Fechas asociadas al nombre 1946-
9 (RLIN) 93797
852 ## - LOCALIZACIÓN
Ubicación ES-MaACL
Número de control de estantería A-6098
Sublocalización o colección R.95113
852 ## - LOCALIZACIÓN
Ubicación ES-MaACL
Número de control de estantería AND-368
Sublocalización o colección R.109672
Holdings
Estatus retirado Estado de pérdida Estado de daño No para préstamo Biblioteca de origen Biblioteca actual Ubicación en estantería Fecha de adquisición Fuente de adquisición Total de préstamos Signatura topográfica completa Código de barras Visto por última vez Precio de reemplazo Tipo de ítem Koha
        Biblioteca del Ateneo de Madrid Biblioteca del Ateneo de Madrid Depósito 2 17/01/2008     AND-368 1095402 23/02/2023 23/02/2023 Libro impreso
        Biblioteca del Ateneo de Madrid Biblioteca del Ateneo de Madrid Sala Pecera Planta 1 17/01/2008     A-6098 1095401 23/02/2023 23/02/2023 Libro impreso